[Event "Cappelle Online Blitz op 1st"]
[Site "Europe Echecs INT"]
[Date "2021.01.10"]
[Round "2"]
[White "Travadon, Loic"]
[Black "Pala, Giorgio"]
[Result "1-0"]
[WhiteElo "2421"]
[BlackElo "1988"]
[PlyCount "57"]
[EventDate "2021.01.10"]
[EventType "swiss (blitz)"]
[EventRounds "11"]
[EventCountry "FRA"]
[SourceTitle "CBM 200 Extra"]
[Source "ChessBase"]
[SourceDate "2021.03.31"]
[SourceVersion "1"]
[SourceVersionDate "2021.03.31"]
[SourceQuality "1"]

1. Nf3 f5 2. d3 d6 3. e4 e5 4. exf5 Bxf5 5. Nc3 c5 6. g3 Nf6 7. Bg2 Be7 8. 0-0 0-0 9. Nh4 Bc8 10. Be3 Nc6 11. Nd5 Be6 12. Nxf6+ Bxf6 13. Nf3 Qd7 14. c3 Bg4 15. Qb3+ Be6 16. Qc2 Rac8 17. Ng5 Bf5 18. h4 h6 19. Ne4 b6 20. Rae1 Rce8 21. c4 Nd4 22. Bxd4 exd4 23. f4 Bh3 24. Bxh3 Qxh3 25. Qg2 Qd7 26. h5 d5 27. cxd5 Qxd5 28. Nxf6+ gxf6 29. Qxd5+ 1-0

[Event "Anti Cheating Blitz Cup"]
[Site "Chess.com INT"]
[Date "2020.05.20"]
[Round "7"]
[White "Miano, Andrea"]
[Black "Pala, Giorgio"]
[Result "0-1"]
[WhiteElo "1563"]
[BlackElo "1998"]
[PlyCount "122"]
[EventDate "2020.05.20"]
[EventType "swiss (blitz)"]
[EventRounds "11"]
[EventCountry "USA"]
[SourceTitle "CBM 196 Extra"]
[Source "ChessBase"]
[SourceDate "2020.07.31"]
[SourceVersion "1"]
[SourceVersionDate "2020.07.31"]
[SourceQuality "1"]

1. e4 c5 2. Nf3 g6 3. d4 cxd4 4. Nxd4 Nc6 5. Nc3 Bg7 6. Nxc6 bxc6 7. Bd2 Nf6 8. Bd3 0-0 9. 0-0 d5 10. exd5 cxd5 11. Rb1 e6 12. Bg5 Qa5 13. Qf3 Nd7 14. Bd2 Ne5 15. Qe3 Qc7 16. f4 Nxd3 17. Qxd3 Qb6+ 18. Kh1 Ba6 19. Na4 Qc6 20. Qb3 Bxf1 21. Rxf1 Rab8 22. Qa3 Qa6 23. Nc5 Qxa3 24. bxa3 Rb2 25. Nd7 Rc8 26. Ne5 Rcxc2 27. Bb4 Rxg2 28. Rc1 Rbc2 29. Rb1 Rxh2+ 30. Kg1 Bh6 31. Ng4 Rhg2+ 32. Kf1 Bxf4 33. Be7 f5 34. Nf6+ Kf7 35. Bd8 Rcf2+ 36. Ke1 Bd2+ 37. Kd1 Rf1+ 38. Kc2 Rxb1 39. Kxb1 Bc3 40. Nd7 Rb2+ 41. Kc1 Ke8 42. Bf6 Kxd7 43. Bxc3 Rxa2 44. Bg7 h5 45. Bf6 Kd6 46. Bg5 Rg2 47. Bf4+ e5 48. Bh6 d4 49. Bg7 Kd5 50. Kd1 e4 51. Ke1 e3 52. Kf1 Rc2 53. Ke1 Ke4 54. Bh6 d3 55. Kd1 Ra2 56. Kc1 f4 57. Kb1 Rc2 58. a4 f3 59. a5 f2 60. Bxe3 f1Q+ 61. Bc1 Qxc1# 0-1

[Event "Anti Cheating Blitz Cup"]
[Site "Chess.com INT"]
[Date "2020.05.20"]
[Round "1"]
[White "Pala, Giorgio"]
[Black "Pushkarev, Dmitry"]
[Result "0-1"]
[WhiteElo "1998"]
[BlackElo "2379"]
[PlyCount "46"]
[EventDate "2020.05.20"]
[EventType "swiss (blitz)"]
[EventRounds "11"]
[EventCountry "USA"]
[SourceTitle "CBM 196 Extra"]
[Source "ChessBase"]
[SourceDate "2020.07.31"]
[SourceVersion "1"]
[SourceVersionDate "2020.07.31"]
[SourceQuality "1"]

1. c4 Nf6 2. Nc3 c5 3. Nf3 e6 4. e3 b6 5. d4 cxd4 6. exd4 Bb4 7. Be2 Bb7 8. 0-0 Bxc3 9. bxc3 d6 10. Bg5 Nbd7 11. Re1 0-0 12. Bh4 Qc7 13. Bg3 Ne4 14. Qd3 Nxg3 15. hxg3 Rfe8 16. Nd2 Rac8 17. Bf3 Ba6 18. Be2 d5 19. Qe3 dxc4 20. f4 Nf6 21. Bf3 Bb7 22. Re2 Bxf3 23. gxf3 Nd5 0-1

[Event "Rome Elo op 5th"]
[Site "Rome"]
[Date "2009.09.16"]
[Round "1"]
[White "Pala, Giorgio"]
[Black "Di Giorgio, Daniele"]
[Result "1/2-1/2"]
[WhiteElo "1982"]
[BlackElo "1678"]
[PlyCount "44"]
[EventDate "2009.09.16"]
[EventType "swiss"]
[EventRounds "5"]
[EventCountry "ITA"]
[SourceTitle "EXT 2012"]
[Source "ChessBase"]
[SourceDate "2011.11.24"]
[SourceVersion "1"]
[SourceVersionDate "2011.11.24"]
[SourceQuality "1"]

1. e4 c5 2. Nf3 e6 3. d4 cxd4 4. Nxd4 a6 5. Bd3 Bc5 6. Nb3 Be7 7. 0-0 d6 8. Be3 Nf6 9. c4 Qc7 10. Nc3 Nbd7 11. f4 b6 12. Qe2 Bb7 13. Rac1 0-0 14. Bd4 Nc5 15. e5 Nfd7 16. exd6 Qxd6 17. Bxh7+ Kxh7 18. Qh5+ Kg8 19. Bxg7 Kxg7 20. Qg4+ Kh7 21. Qh3+ Kg7 22. Qg3+ Kh7 1/2-1/2

[Event "Rome Elo op 4th"]
[Site "Rome"]
[Date "2009.05.27"]
[Round "4"]
[White "Pala, Giorgio"]
[Black "Salvo, Ivano"]
[Result "1-0"]
[WhiteElo "1983"]
[BlackElo "1518"]
[PlyCount "68"]
[EventDate "2009.05.06"]
[EventType "swiss"]
[EventRounds "7"]
[EventCountry "ITA"]
[SourceTitle "EXT 2011"]
[Source "ChessBase"]
[SourceDate "2010.11.26"]
[SourceVersion "1"]
[SourceVersionDate "2010.11.26"]
[SourceQuality "1"]

1. e4 d5 2. exd5 Qxd5 3. Nf3 Nf6 4. d4 Bf5 5. Be2 e6 6. 0-0 Be7 7. c4 Qd8 8. Qb3 Qc8 9. Nc3 0-0 10. Be3 Nbd7 11. Rfd1 c6 12. Rac1 Qc7 13. Bg5 Qb6 14. Qxb6 Nxb6 15. a3 a5 16. Ne5 Rfe8 17. Be3 Nbd7 18. Nxd7 Nxd7 19. Bf3 Rad8 20. d5 Ne5 21. Be2 exd5 22. cxd5 c5 23. h3 b6 24. Nb5 Bf6 25. g4 Be4 26. g5 Be7 27. d6 Bf8 28. Nc7 Nf3+ 29. Bxf3 Bxf3 30. Nxe8 Rxe8 31. d7 Rd8 32. Bf4 Be7 33. Bc7 Bxg5 34. Bxd8 Bxd8 1-0

[Event "Rome Elo op 4th"]
[Site "Rome"]
[Date "2009.05.20"]
[Round "3"]
[White "Tocco, Paolo"]
[Black "Pala, Giorgio"]
[Result "1-0"]
[WhiteElo "2175"]
[BlackElo "1983"]
[PlyCount "43"]
[EventDate "2009.05.06"]
[EventType "swiss"]
[EventRounds "7"]
[EventCountry "ITA"]
[SourceTitle "EXT 2011"]
[Source "ChessBase"]
[SourceDate "2010.11.26"]
[SourceVersion "1"]
[SourceVersionDate "2010.11.26"]
[SourceQuality "1"]

1. d4 d5 2. e4 dxe4 3. Nc3 Nf6 4. f3 c6 5. Bg5 e3 6. Bxe3 Bf5 7. Qd2 e6 8. Nge2 Nbd7 9. g4 Bg6 10. Nf4 Bb4 11. h4 e5 12. Nfe2 h5 13. Bg5 Qa5 14. dxe5 Qxe5 15. 0-0-0 0-0-0 16. Bf4 Qa5 17. g5 Nb6 18. Qe3 Nc4 19. Bh3+ Bf5 20. Bxf5+ Qxf5 21. Qxa7 Bd6 22. Bxd6 1-0

[Event "Rome Elo op 4th"]
[Site "Rome"]
[Date "2009.05.13"]
[Round "2"]
[White "Pala, Giorgio"]
[Black "Mulas, Icaro"]
[Result "1-0"]
[WhiteElo "1983"]
[BlackElo "1815"]
[PlyCount "95"]
[EventDate "2009.05.06"]
[EventType "swiss"]
[EventRounds "7"]
[EventCountry "ITA"]
[SourceTitle "EXT 2011"]
[Source "ChessBase"]
[SourceDate "2010.11.26"]
[SourceVersion "1"]
[SourceVersionDate "2010.11.26"]
[SourceQuality "1"]

1. e4 c5 2. Nf3 d6 3. d4 cxd4 4. Nxd4 Nf6 5. Nc3 g6 6. Be3 Bg7 7. f3 Nc6 8. Bc4 0-0 9. Qd2 Bd7 10. 0-0-0 Na5 11. Bb3 Rc8 12. h4 Nxb3+ 13. Nxb3 b5 14. h5 b4 15. Ne2 a5 16. hxg6 fxg6 17. Kb1 Qc7 18. Nf4 e6 19. g4 Rf7 20. Rh2 Bf8 21. Rdh1 Re7 22. g5 Ne8 23. Nxg6 hxg6 24. Bb6 Qxc2+ 25. Qxc2 Rxc2 26. Rh8+ Kf7 27. Kxc2 a4 28. Na5 Bb5 29. R1h7+ Ng7 30. b3 e5 31. Bd8 Rd7 32. Bf6 Rc7+ 33. Kd2 axb3 34. axb3 Ra7 35. Nc4 Ra2+ 36. Ke3 Bxc4 37. bxc4 Ra3+ 38. Ke2 Ra7 39. Kd3 Rc7 40. Rxf8+ Kxf8 41. Rxg7 Rxg7 42. Bxg7+ Kxg7 43. Kc2 Kf7 44. Kb3 Ke6 45. Kxb4 Kd7 46. Kb5 Kc7 47. c5 Kd7 48. Kb6 1-0

[Event "Rome Elo op 3rd"]
[Site "Rome"]
[Date "2009.04.08"]
[Round "5"]
[White "Pala, Giorgio"]
[Black "Marigliani, Cristiano"]
[Result "1/2-1/2"]
[WhiteElo "1962"]
[BlackElo "1817"]
[PlyCount "73"]
[EventDate "2009.03.11"]
[EventType "swiss"]
[EventRounds "6"]
[EventCountry "ITA"]
[SourceTitle "EXT 2011"]
[Source "ChessBase"]
[SourceDate "2010.11.26"]
[SourceVersion "1"]
[SourceVersionDate "2010.11.26"]
[SourceQuality "1"]

1. e4 c5 2. Nf3 d6 3. d4 cxd4 4. Nxd4 Nf6 5. Nc3 g6 6. Be3 Bg7 7. Bc4 0-0 8. f3 Nc6 9. Qd2 Bd7 10. 0-0-0 Rc8 11. Bb3 Ne5 12. h4 Nc4 13. Bxc4 Rxc4 14. Kb1 Re8 15. g4 h5 16. gxh5 Nxh5 17. Nde2 Qa5 18. Bd4 Rec8 19. Nd5 Qxd2 20. Rxd2 Kf8 21. Bxa7 Ra4 22. Bd4 Bxd4 23. Rxd4 Ra6 24. Rhd1 Ng7 25. a3 Ne6 26. Rb4 Bc6 27. Nef4 Nxf4 28. Nxf4 e6 29. Rxd6 Bxe4 30. Rxa6 Bxc2+ 31. Ka2 bxa6 32. Nh3 Bf5 33. Ng5 Rc7 34. Rb6 Bd3 35. Rd6 Bb5 36. b4 Ke7 37. Rb6 1/2-1/2

[Event "Rome Elo op 3rd"]
[Site "Rome"]
[Date "2009.04.01"]
[Round "4"]
[White "Belli, Alessandro"]
[Black "Pala, Giorgio"]
[Result "0-1"]
[WhiteElo "1517"]
[BlackElo "1962"]
[PlyCount "82"]
[EventDate "2009.03.11"]
[EventType "swiss"]
[EventRounds "6"]
[EventCountry "ITA"]
[SourceTitle "EXT 2011"]
[Source "ChessBase"]
[SourceDate "2010.11.26"]
[SourceVersion "1"]
[SourceVersionDate "2010.11.26"]
[SourceQuality "1"]

1. e4 c5 2. Nc3 Nc6 3. g3 d6 4. Bg2 Nf6 5. d3 a6 6. a4 Bg4 7. f3 Bd7 8. Nge2 Rb8 9. Be3 e6 10. 0-0 Be7 11. h3 Qc7 12. Qd2 0-0 13. f4 b5 14. axb5 axb5 15. g4 h6 16. Bf2 Nh7 17. Bg3 Bf6 18. Rab1 Nd4 19. f5 b4 20. Nd1 Bg5 21. Bf4 Nxe2+ 22. Qxe2 Bxf4 23. Rxf4 d5 24. Rf1 dxe4 25. Bxe4 exf5 26. gxf5 Nf6 27. Bg2 Rfe8 28. Qf2 Re5 29. Ne3 Rbe8 30. Qg3 Qd6 31. Qf4 Qe7 32. Ng4 Rxf5 33. Nxf6+ Qxf6 34. Qc7 Qd4+ 35. Kh1 Rg5 36. Qf4 Qxf4 37. Rxf4 Re2 38. Bf1 Rxc2 39. Re4 Bc6 40. Rbe1 f5 41. Be2 fxe4 0-1

[Event "Rome Elo op 3rd"]
[Site "Rome"]
[Date "2009.03.18"]
[Round "2"]
[White "Quimi, Marco"]
[Black "Pala, Giorgio"]
[Result "1-0"]
[WhiteElo "2245"]
[BlackElo "1962"]
[PlyCount "111"]
[EventDate "2009.03.11"]
[EventType "swiss"]
[EventRounds "6"]
[EventCountry "ITA"]
[SourceTitle "EXT 2011"]
[Source "ChessBase"]
[SourceDate "2010.11.26"]
[SourceVersion "1"]
[SourceVersionDate "2010.11.26"]
[SourceQuality "1"]

1. d4 Nf6 2. Nf3 d5 3. Bf4 c5 4. e3 Nc6 5. c3 Qb6 6. Qc1 Bf5 7. Nbd2 Nh5 8. Be5 f6 9. Bg3 Nxg3 10. hxg3 g5 11. Be2 0-0-0 12. dxc5 Qxc5 13. Nd4 Nxd4 14. cxd4 Qxc1+ 15. Rxc1+ Kb8 16. g4 Bg6 17. Nb3 e5 18. a3 Bd6 19. Kd2 Rc8 20. Bd3 e4 21. Bb5 Rxc1 22. Nxc1 Rd8 23. Ne2 f5 24. gxf5 Bxf5 25. Nc3 Bf8 26. Ba4 h6 27. Bb3 Be6 28. Nxe4 Bg7 29. Nc3 a6 30. Ke2 Kc7 31. f3 Kd6 32. Na4 Bd7 33. Nc5 Bb5+ 34. Kf2 Rb8 35. Rc1 b6 36. Na4 Bd7 37. Nc3 Bc6 38. Ne2 Rf8 39. g4 Bd7 40. Kg2 Re8 41. Kf2 Rf8 42. Rg1 Bb5 43. Ng3 Bd7 44. Nh5 Bh8 45. Bc2 Rc8 46. Bd3 Bb5 47. Bb1 a5 48. Ng3 Bd7 49. Rh1 Bg7 50. Bf5 Bf8 51. Ke2 Bb5+ 52. Kd2 Rc6 53. e4 Rc4 54. e5+ Kc6 55. Ke3 Ba4 56. Bd3 1-0

[Event "Rome Elo op 2nd"]
[Site "Rome"]
[Date "2009.02.11"]
[Round "5"]
[White "Pala, Giorgio"]
[Black "Roberti, Bruno"]
[Result "1-0"]
[WhiteElo "1962"]
[BlackElo "1990"]
[PlyCount "69"]
[EventDate "2009.01.14"]
[EventType "swiss"]
[EventRounds "7"]
[EventCountry "ITA"]
[SourceTitle "EXT 2011"]
[Source "ChessBase"]
[SourceDate "2010.11.26"]
[SourceVersion "1"]
[SourceVersionDate "2010.11.26"]
[SourceQuality "1"]

1. e4 e5 2. Nf3 Nc6 3. Bb5 Nf6 4. 0-0 Nxe4 5. Re1 Nd6 6. Ba4 Be7 7. Nxe5 Nxe5 8. Rxe5 0-0 9. d4 Bf6 10. Re1 Nf5 11. c3 d5 12. Bf4 Bd7 13. Bc2 c6 14. Nd2 g5 15. Qh5 gxf4 16. Bxf5 Bxf5 17. Qxf5 Kh8 18. Nf3 Qd6 19. Ne5 Bxe5 20. Rxe5 Qg6 21. Qxf4 Rae8 22. Rae1 Rxe5 23. Qxe5+ f6 24. Qe7 Qf7 25. g3 Kg8 26. Kg2 h5 27. h4 Kg7 28. Kf3 Kh6 29. Re6 Kg6 30. Kf4 Rg8 31. Qxf7+ Kxf7 32. Kf5 Rg6 33. Re7+ Kxe7 34. Kxg6 Ke6 35. Kxh5 1-0

[Event "SEMI A046 email"]
[Site "SEMI email"]
[Date "2003.10.10"]
[Round "?"]
[White "O'Hara, Matthew D"]
[Black "Pala, Giorgio"]
[Result "1-0"]
[WhiteElo "2156"]
[BlackElo "2010"]
[PlyCount "57"]
[EventDate "2003.10.10"]
[EventType "tourn (corr)"]
[EventRounds "6"]
[EventCountry "ITA"]
[SourceTitle "Corr 2008"]
[Source "ChessBase"]
[SourceDate "2008.06.24"]
[SourceVersion "1"]
[SourceVersionDate "2008.06.24"]
[SourceQuality "1"]

1. e4 c5 2. Nf3 Nc6 3. Bb5 e6 4. 0-0 Nge7 5. Re1 d6 6. d4 cxd4 7. Nxd4 Bd7 8. Nc3 Nxd4 9. Bxd7+ Qxd7 10. Qxd4 Nc6 11. Qd3 Be7 12. Bf4 0-0 13. Rad1 Rfd8 14. Qe2 a6 15. Na4 Qc7 16. Be3 Re8 17. Bb6 Qb8 18. c4 Ne5 19. b3 Nd7 20. Qe3 Qc8 21. Qg3 Qc6 22. Bd4 Bf8 23. Nb2 Nc5 24. f3 Rad8 25. Kh1 d5 26. cxd5 exd5 27. Rc1 Qb5 28. Rxc5 Bxc5 29. Qxg7# 1-0

[Event "SEMI A038 email"]
[Site "SEMI email"]
[Date "2002.09.26"]
[Round "?"]
[White "Pala, Giorgio"]
[Black "Parisi, Cosimo"]
[Result "0-1"]
[WhiteElo "2000"]
[BlackElo "2236"]
[PlyCount "80"]
[EventDate "2002.09.26"]
[EventType "tourn (corr)"]
[EventRounds "3"]
[EventCountry "ITA"]
[SourceTitle "Corr 2008"]
[Source "ChessBase"]
[SourceDate "2008.06.24"]
[SourceVersion "1"]
[SourceVersionDate "2008.06.24"]
[SourceQuality "1"]

1. e4 Nf6 2. e5 Nd5 3. d4 d6 4. exd6 cxd6 5. Nf3 g6 6. Bc4 Nb6 7. Bb3 Bg7 8. h3 0-0 9. 0-0 Nc6 10. c3 Bf5 11. Bg5 h6 12. Bh4 Qd7 13. Na3 Na5 14. Bc2 Bxc2 15. Nxc2 Rac8 16. Re1 Rfe8 17. Qd3 e5 18. dxe5 dxe5 19. Qxd7 Nxd7 20. Rad1 Nb6 21. Ne3 f5 22. Nd5 e4 23. Nxb6 axb6 24. Nd4 Nc4 25. Re2 f4 26. f3 e3 27. b3 Na3 28. c4 Red8 29. Be7 Ra8 30. Bxd8 Rxd8 31. Ree1 Bxd4 32. Kf1 Kf7 33. Ke2 Nc2 34. Rh1 Nb4 35. a3 Na2 36. Rd3 Nc3+ 37. Ke1 Bf6 38. Rxd8 Bh4+ 39. g3 fxg3 40. Rd7+ Ke6 0-1